000
00312nam a22001337a 4500
008
181101b xxu||||| |||| 00| 0 eng d
020
_a
9781412950800
041
_a
eng
080
_a
658
100
_a
54
101
_a
LID
245
_a
Human Behavior in the Social Environment
_c
Alexander,R
942
_2
udc
_c
BK
999
_c
51457
_d
51457